| 000 | 01240nam a2200253Ia 4500 | ||
|---|---|---|---|
| 999 |
_c52858 _d52858 |
||
| 001 | 19888 | ||
| 003 | GE_BSU | ||
| 005 | 20200424214851.0 | ||
| 008 | 181216s1965||||ge |||||||||||||| ||geo|| | ||
| 040 | _cGE_BSU | ||
| 041 | _ageo | ||
| 080 | _a811.353 ჩ-69 | ||
| 100 |
_aჩიქობავა, არნ. _97708 |
||
| 245 |
_aიბერიულ - კავკასიურ ენათა შესწავლის ისტორია : _bსახელმძღვ. ფილოლ. ფაკ-ტის სტუდენტთათვის / _cარნ. ჩიქობავა ; რედ. ეთ. გელაშვილი. |
||
| 264 |
_aთბილისი : _bგანათლება, _c1965. |
||
| 300 |
_a412 გვ. ; _c 22 სმ. |
||
| 500 | _a დანართი "პირთა საძიებელი" გვ. 403-406 | ||
| 504 | _aბიბლიოგრ. გვ. 401-402 | ||
| 541 | _h7ლ. | ||
| 653 | _aიბერიულ - კავკასიურ ენათა შესწავლის ისტორია | ||
| 653 | _aქართული ენა | ||
| 700 |
_aგელაშვილი, ეთ. _eრედაქტორი _97567 |
||
| 942 |
_cBK _2udc |
||